দ্য মিনিস্ট্রি অফ আটমোস্ট হ্যাপিনেস / (Record no. 12323)
[ view plain ]
| 000 -LEADER | |
|---|---|
| fixed length control field | 00879nam a2200241 a 4500 |
| 001 - CONTROL NUMBER | |
| JCCL Control Number | 12323 |
| 003 - CONTROL NUMBER IDENTIFIER | |
| JCCL marc code | BD-JhCC |
| 005 - DATE AND TIME OF LATEST TRANSACTION | |
| control field | 20221020134024.0 |
| 008 - FIXED-LENGTH DATA ELEMENTS--GENERAL INFORMATION | |
| fixed length control field | 210601s2018 bg |||| |||| 000 0 ben d |
| 020 ## - INTERNATIONAL STANDARD BOOK NUMBER | |
| International Standard Book Number | 9789845033176 |
| 035 ## - SYSTEM CONTROL NUMBER | |
| system control number | (BD-JhCC)12323 |
| 040 ## - CATALOGING SOURCE | |
| Original cataloging agency | BD-JhCC |
| Modifying agency | BD-JhCC |
| 041 ## - LANGUAGE CODE | |
| Language code of Book | ben |
| 082 ## - DEWEY DECIMAL CLASSIFICATION NUMBER | |
| Classification number | 823.914 |
| Author mark and Year | ROY 2018 |
| 100 ## - MAIN ENTRY--PERSONAL NAME | |
| Personal name | রায়, অরুন্ধতী |
| 245 ## - TITLE STATEMENT | |
| Title | দ্য মিনিস্ট্রি অফ আটমোস্ট হ্যাপিনেস / |
| Statement of responsibility, etc | অরুন্ধতী রায়; প্রমিত হোসেন (অনু.) |
| 260 ## - PUBLICATION, DISTRIBUTION, ETC. (IMPRINT) | |
| Place of publication, distribution, etc | ঢাকা : |
| Name of publisher, distributor, etc | অন্যধারা, |
| Date of publication, distribution, etc | ২০১৮ |
| 300 ## - PHYSICAL DESCRIPTION | |
| Pagination | ৪৫৫ পৃ. : |
| Dimensions | ২১ সেমি. |
| 650 ## - SUBJECT ADDED ENTRY--TOPICAL TERM | |
| Topical term or geographic name as entry element | Interpersonal relations |
| Geographic subdivision | India--Delhi |
| 650 ## - SUBJECT ADDED ENTRY--TOPICAL TERM | |
| Topical term or geographic name as entry element | Self-realization |
| 700 ## - ADDED ENTRY--PERSONAL NAME | |
| Personal name | হোসেন, প্রমিত |
| 942 ## - ADDED ENTRY ELEMENTS (KOHA) | |
| Source of classification or shelving scheme | Dewey Decimal Classification |
| Koha item type | Books |
| Koha issues (borrowed), all copies | 2 |
| Source of classification or shelving scheme | Damaged status | Not for loan | Home library | Current library | Shelving location | Date of accession | Cost, normal purchase price | Total Checkouts | Full call number | Barcode | Date last seen | Date checked out | Copy number | Koha item type |
|---|---|---|---|---|---|---|---|---|---|---|---|---|---|---|
| Dewey Decimal Classification | JCC Rouf Library | JCC Rouf Library | General Stacks | 06/01/2021 | 400.00 | 2 | 823.914 ROY 2018 | 16660 | 11/05/2022 | 10/19/2022 | C-1 | Books |